Statistics for Celtic F.C. Managers

Click here to take the quiz!

General Stats

  • This quiz has been taken 441 times
    (418 since last reset)
  • The average score is 12 of 19

Answer Stats

YearsManager% Correct
2010-2014Neil Lennon
96%
2016-Brendan Rodgers
93%
1965-1978Jock Stein
89%
2005-2009Gordon Strachan
80%
2000-2005Martin O'Neill
78%
2014-2016Ronny Deila
74%
1999-2000John Barnes
70%
2009-2010Tony Mowbray
62%
1994-1997Tommy Burns
61%
1987-1991Billy McNeill
60%
1978-1983Billy McNeill
60%
1997-1998Wim Jansen
60%
1897-1940Willie Maley
57%
1998-1999Jozef Vengloš
46%
1945-1965Jimmy McGrory
40%
1993-1994Lou Macari
39%
1991-1993Liam Brady
38%
1983-1987David Hay
34%
1940-1945Jimmy McStay
25%

Score Distribution

Percentile by Number Answered

Percent of People with Each Score

Your Score History

You have not taken this quiz since the last reset